[Event "BCF-chT1a 1314 (4NCL)"]
[Site "England"]
[Date "2013.11.16"]
[Round "1.128"]
[White "Maduekwe, Chiedu U"]
[Black "Needham, Sabrina"]
[Result "1-0"]
[WhiteElo "2131"]
[BlackElo "1721"]
[PlyCount "97"]
[EventDate "2013.11.16"]
[EventType "team-tourn"]
[EventRounds "7"]
[EventCountry "ENG"]
[SourceTitle "EXT 2015"]
[Source "ChessBase"]
[SourceDate "2014.11.20"]
[SourceVersion "1"]
[SourceVersionDate "2014.11.20"]
[SourceQuality "1"]
[WhiteTeam "Wood Green Hilsmark II"]
[BlackTeam "Kings Head"]
[WhiteTeamCountry "ENG"]
[BlackTeamCountry "ENG"]

1. d4 Nf6 2. c4 e6 3. Nc3 b6 4. e4 Bb7 5. Bd3 d6 6. Nf3 Be7 7. 0-0 Nc6 8. Re1 0-0 9. a3 e5 10. d5 Nb8 11. b4 c6 12. Bb2 Qd7 13. Ne2 Nh5 14. Qd2 Qg4 15. h3 Qg6 16. Kh2 Nd7 17. Qe3 h6 18. g4 Nhf6 19. Ng3 Nh7 20. Nf5 Bg5 21. Nxg5 Qxg5 22. Nxd6 Qe7 23. Nxb7 cxd5 24. exd5 Ndf6 25. Nc5 bxc5 26. Qxc5 Nxg4+ 27. hxg4 Qh4+ 28. Kg2 Qxg4+ 29. Kf1 Qh3+ 30. Ke2 Ng5 31. Qe3 Qh5+ 32. Kd2 e4 33. Be2 Qg6 34. Rg1 f5 35. f4 exf3 36. Bxf3 Rae8 37. Qd3 Qd6 38. Raf1 Qf4+ 39. Kc2 Re3 40. Qd4 Qxd4 41. Bxd4 Rxa3 42. Rxg5 hxg5 43. d6 g4 44. Bd5+ Kh7 45. d7 Kg6 46. Re1 Rd8 47. Re7 Ra6 48. Rxg7+ Kh6 49. c5 1-0

[Event "London Classic op 4th"]
[Site "London"]
[Date "2012.12.02"]
[Round "2"]
[White "Moriuchi, Toshiyuki"]
[Black "Maduekwe, Chiedu U"]
[Result "1-0"]
[WhiteElo "2316"]
[BlackElo "2151"]
[PlyCount "49"]
[EventDate "2012.12.01"]
[EventType "swiss"]
[EventRounds "9"]
[EventCountry "ENG"]
[SourceTitle "CBM 151 Extra"]
[Source "ChessBase"]
[SourceDate "2012.12.18"]
[SourceVersion "1"]
[SourceVersionDate "2012.12.18"]
[SourceQuality "1"]

1. e4 e6 2. d4 d5 3. Nc3 Nf6 4. e5 Nfd7 5. f4 c5 6. Nf3 Nc6 7. Be3 Be7 8. Qd2 0-0 9. dxc5 Nxc5 10. 0-0-0 Qc7 11. Kb1 a6 12. Qf2 b6 13. Bd3 f6 14. exf6 Nxd3 15. cxd3 Bxf6 16. g3 Bd7 17. Rc1 Rab8 18. Na4 Qb7 19. Bxb6 Nb4 20. Rc7 Bxa4 21. Rxb7 Nxd3 22. Rxb8 Rxb8 23. Qe3 Kh8 24. Qxd3 Rxb6 25. Ne5 1-0

[Event "London Classic op"]
[Site "London"]
[Date "2011.12.10"]
[Round "8"]
[White "Maduekwe, Chiedu U"]
[Black "Sagues, Vincent"]
[Result "0-1"]
[WhiteElo "2180"]
[BlackElo "1952"]
[PlyCount "49"]
[EventDate "2011.12.03"]
[EventType "swiss"]
[EventRounds "9"]
[EventCountry "ENG"]
[SourceTitle "CBM 145 Extra"]
[Source "ChessBase"]
[SourceDate "2012.01.03"]
[SourceVersion "1"]
[SourceVersionDate "2012.01.03"]
[SourceQuality "1"]

1. d4 d5 2. c4 e6 3. Nc3 Nf6 4. Nf3 c6 5. e3 Nbd7 6. Qc2 Bd6 7. Bd3 0-0 8. 0-0 dxc4 9. Bxc4 e5 10. Rd1 Qe7 11. h3 h6 12. Nh4 Nb6 13. Ng6 Qc7 14. dxe5 Bxe5 15. Bb3 Re8 16. e4 Bxc3 17. bxc3 Be6 18. Bf4 Qc8 19. Ne5 c5 20. Bxe6 Qxe6 21. f3 Red8 22. Qf2 c4 23. Rd4 Rxd4 24. cxd4 Nfd7 25. Qg3 0-1

[Event "London Classic op"]
[Site "London"]
[Date "2011.12.04"]
[Round "2"]
[White "Chevelevitch, Evgueni"]
[Black "Maduekwe, Chiedu U"]
[Result "1-0"]
[WhiteElo "2435"]
[BlackElo "2180"]
[PlyCount "51"]
[EventDate "2011.12.03"]
[EventType "swiss"]
[EventRounds "9"]
[EventCountry "ENG"]
[SourceTitle "CBM 145 Extra"]
[Source "ChessBase"]
[SourceDate "2012.01.03"]
[SourceVersion "1"]
[SourceVersionDate "2012.01.03"]
[SourceQuality "1"]

1. e4 e6 2. d4 d5 3. Nd2 c5 4. Ngf3 cxd4 5. Nxd4 Nc6 6. Bb5 Bd7 7. Nxc6 Bxc6 8. Bxc6+ bxc6 9. 0-0 Nf6 10. Qe2 Bc5 11. e5 Nd7 12. Nf3 0-0 13. b3 a5 14. Bd2 a4 15. b4 Ba7 16. c4 Nb6 17. c5 Nc4 18. Bc3 Bb8 19. Rfe1 Bc7 20. Rad1 Qb8 21. Rd4 f5 22. exf6 Rxf6 23. Rxc4 Rxf3 24. Qxe6+ Rf7 25. Rg4 Kf8 26. Bxg7+ 1-0

[Event "London Classic op"]
[Site "London"]
[Date "2011.12.03"]
[Round "1"]
[White "Maduekwe, Chiedu U"]
[Black "Veznik, Michael"]
[Result "1-0"]
[WhiteElo "2180"]
[BlackElo "1821"]
[PlyCount "93"]
[EventDate "2011.12.03"]
[EventType "swiss"]
[EventRounds "9"]
[EventCountry "ENG"]
[SourceTitle "CBM 145 Extra"]
[Source "ChessBase"]
[SourceDate "2012.01.03"]
[SourceVersion "1"]
[SourceVersionDate "2012.01.03"]
[SourceQuality "1"]

1. d4 d5 2. c4 e6 3. Nc3 f5 4. Nf3 Nf6 5. g3 Be7 6. Bg2 0-0 7. 0-0 c6 8. b3 Nbd7 9. Bb2 Ne4 10. Qc2 Bf6 11. Rfd1 Qe7 12. e3 g5 13. Ne5 Qg7 14. Ba3 Re8 15. f4 Nxe5 16. fxe5 Be7 17. Bxe7 Rxe7 18. Nxe4 dxe4 19. Qb2 Bd7 20. b4 b5 21. cxb5 cxb5 22. Rac1 Be8 23. Rc5 Rc7 24. Rdc1 Rac8 25. Qb3 Rxc5 26. Qxe6+ Bf7 27. Qxc8+ Rxc8 28. Rxc8+ Qf8 29. Rxf8+ Kxf8 30. g4 Bxa2 31. gxf5 Bd5 32. Kf2 h5 33. Bf1 a6 34. h3 Kg7 35. Be2 h4 36. Bg4 Kf7 37. f6 Bb7 38. Bf5 Bd5 39. Bc8 a5 40. bxa5 b4 41. Ke2 b3 42. Kd2 Be6 43. Bb7 Bxh3 44. a6 Bg2 45. a7 h3 46. a8Q h2 47. Qe8+ 1-0

[Event "London Classic op"]
[Site "London"]
[Date "2010.12.13"]
[Round "7"]
[White "Maduekwe, Chiedu U"]
[Black "Eggleston, David"]
[Result "0-1"]
[WhiteElo "2185"]
[BlackElo "2307"]
[PlyCount "78"]
[EventDate "2010.12.08"]
[EventType "swiss"]
[EventRounds "9"]
[EventCountry "ENG"]
[SourceTitle "CBM 139 Extra"]
[Source "ChessBase"]
[SourceDate "2011.01.05"]
[SourceVersion "1"]
[SourceVersionDate "2011.01.05"]
[SourceQuality "1"]

1. d4 Nf6 2. c4 e6 3. Nf3 b6 4. a3 Bb7 5. Nc3 g6 6. Qc2 d5 7. cxd5 exd5 8. Bg5 Bg7 9. e3 0-0 10. Be2 Nbd7 11. 0-0 Qe7 12. Rfd1 a6 13. b4 c6 14. Rab1 b5 15. a4 Nb6 16. Ne5 Qe6 17. a5 Nc4 18. Nxc4 dxc4 19. Bxf6 Qxf6 20. Ne4 Qe7 21. Nc5 Rae8 22. Bf3 Qc7 23. Rbc1 Bc8 24. Qe2 f5 25. Qf1 g5 26. g3 f4 27. gxf4 gxf4 28. e4 Rf6 29. Kh1 Rh6 30. e5 Qe7 31. Rc3 Qh4 32. Qg1 Rg6 33. Qe1 Kh8 34. Bg2 Rg8 35. Qe4 Bf8 36. Rg3 Bg4 37. Qxf4 Rh6 38. Rxg4 Rxg4 39. Qxf8+ Rg8 0-1

[Event "London Classic op"]
[Site "London"]
[Date "2010.12.13"]
[Round "6"]
[White "Maduekwe, Chiedu U"]
[Black "Rendle, Thomas E"]
[Result "0-1"]
[WhiteElo "2185"]
[BlackElo "2400"]
[PlyCount "66"]
[EventDate "2010.12.08"]
[EventType "swiss"]
[EventRounds "9"]
[EventCountry "ENG"]
[SourceTitle "CBM 139 Extra"]
[Source "ChessBase"]
[SourceDate "2011.01.05"]
[SourceVersion "1"]
[SourceVersionDate "2011.01.05"]
[SourceQuality "1"]

1. d4 f5 2. Nf3 Nf6 3. g3 g6 4. Bg2 Bg7 5. 0-0 0-0 6. c4 d6 7. Nc3 Nc6 8. d5 Na5 9. Qd3 e5 10. dxe6 Bxe6 11. b3 Nc6 12. Ng5 Bd7 13. Bb2 h6 14. Nh3 Ne4 15. Rad1 Qe8 16. Nf4 Nb4 17. Qf3 Nxa2 18. Nxe4 fxe4 19. Qxe4 Qxe4 20. Bxe4 Bxb2 21. Rd2 Nc3 22. Bxb7 Rab8 23. Rxb2 Rxb7 24. Nxg6 Rfb8 25. Ra1 Rxb3 26. Rxb3 Rxb3 27. Rxa7 Nxe2+ 28. Kf1 Bg4 29. f4 Nd4 30. Rxc7 Rb2 31. Nh4 Rxh2 32. c5 dxc5 33. Rxc5 Ne2 0-1

[Event "LSS WC-2010-F-00003"]
[Site "LSS email"]
[Date "2010.11.17"]
[Round "?"]
[White "Maduekwe, Chiedu U"]
[Black "Belanoff, Stuart B"]
[Result "0-1"]
[WhiteElo "2201"]
[BlackElo "2290"]
[PlyCount "38"]
[EventDate "2010.11.23"]
[EventType "tourn (corr)"]
[EventRounds "10"]
[EventCountry "GER"]
[SourceTitle "Telechess CBM 155"]
[Source "ChessBase"]
[SourceDate "2013.07.16"]
[SourceVersion "1"]
[SourceVersionDate "2013.07.16"]
[SourceQuality "1"]

1. Nf3 Nf6 2. c4 g6 3. Nc3 Bg7 4. e4 c5 5. d4 Qa5 6. Bd3 cxd4 7. Nxd4 Nc6 8. Nb3 Qd8 9. 0-0 0-0 10. Be3 d6 11. f3 Nd7 12. Qd2 a5 13. a4 b6 14. Be2 Nc5 15. Ra3 Rb8 16. Rd1 Ba6 17. Nb5 Re8 18. Nxc5 bxc5 19. f4 Qb6 0-1

[Event "LSS WC-2010-F-00003"]
[Site "LSS email"]
[Date "2010.11.17"]
[Round "?"]
[White "Maduekwe, Chiedu U"]
[Black "Hnatovsky, Nicholas"]
[Result "0-1"]
[WhiteElo "2201"]
[BlackElo "2308"]
[PlyCount "54"]
[EventDate "2010.11.23"]
[EventType "tourn (corr)"]
[EventRounds "10"]
[EventCountry "GER"]
[SourceTitle "Telechess CBM 155"]
[Source "ChessBase"]
[SourceDate "2013.07.16"]
[SourceVersion "1"]
[SourceVersionDate "2013.07.16"]
[SourceQuality "1"]

1. Nf3 Nf6 2. c4 e6 3. d4 d5 4. g3 dxc4 5. Bg2 a6 6. 0-0 Nc6 7. Bg5 Be7 8. e3 Nd5 9. Bxe7 Ncxe7 10. Ne5 b5 11. b3 cxb3 12. axb3 0-0 13. Nd2 Bb7 14. Ne4 Nb4 15. Qd2 a5 16. Nd3 Nxd3 17. Qxd3 Ra7 18. Ng5 Ng6 19. Bxb7 Rxb7 20. Ne4 c6 21. Qc2 Ne7 22. Ng5 g6 23. Ne4 Ra7 24. Rfc1 Qc7 25. Qc5 Rfa8 26. h4 h5 27. Qg5 Nd5 0-1

[Event "LSS WC-2010-F-00003"]
[Site "LSS email"]
[Date "2010.11.17"]
[Round "?"]
[White "Maduekwe, Chiedu U"]
[Black "Szabo, Vilmos"]
[Result "0-1"]
[WhiteElo "2201"]
[BlackElo "2395"]
[PlyCount "58"]
[EventDate "2010.11.23"]
[EventType "tourn (corr)"]
[EventRounds "10"]
[EventCountry "GER"]
[SourceTitle "Telechess CBM 155"]
[Source "ChessBase"]
[SourceDate "2013.07.16"]
[SourceVersion "1"]
[SourceVersionDate "2013.07.16"]
[SourceQuality "1"]

1. d4 Nf6 2. c4 e6 3. Nf3 b6 4. g3 Ba6 5. Qc2 c5 6. d5 exd5 7. cxd5 Bb7 8. Bg2 Nxd5 9. 0-0 Nc6 10. Rd1 Be7 11. Qa4 Nf6 12. Nh4 g6 13. Bh6 Bf8 14. Bf4 Be7 15. Bh6 Bf8 16. Bf4 Be7 17. Nc3 0-0 18. Nb5 Na5 19. Bc7 Qc8 20. Bd6 Re8 21. Bxe7 Rxe7 22. Nd6 Qc7 23. Qf4 Nh5 24. Qd2 Bxg2 25. Nxg2 Nc6 26. Rac1 Rf8 27. Rc4 Qb8 28. Nf5 gxf5 29. Qh6 Ng7 0-1

[Event "Hastings Masters op 85th"]
[Site "Hastings"]
[Date "2010.01.03"]
[Round "7"]
[White "Maduekwe, Chiedu U"]
[Black "Ledger, Dave J"]
[Result "1-0"]
[WhiteElo "2182"]
[BlackElo "2227"]
[PlyCount "79"]
[EventDate "2009.12.28"]
[EventType "swiss"]
[EventRounds "9"]
[EventCountry "ENG"]
[SourceTitle "CBM 134 Extra"]
[Source "ChessBase"]
[SourceDate "2010.03.03"]
[SourceVersion "1"]
[SourceVersionDate "2010.03.03"]
[SourceQuality "1"]

1. d4 Nf6 2. c4 g6 3. Nc3 Bg7 4. e4 d6 5. Nf3 0-0 6. h3 e5 7. d5 a5 8. Bg5 Na6 9. Be2 Qe8 10. Nd2 Kh8 11. g4 Ng8 12. h4 f6 13. Be3 f5 14. f3 Nf6 15. h5 f4 16. h6 Bxh6 17. Rxh6 fxe3 18. Nf1 Nh5 19. Nxe3 Qe7 20. Qd2 Qh4+ 21. Kd1 Qg5 22. Ng2 Qxd2+ 23. Kxd2 Kg7 24. g5 Bh3 25. Ne3 Rf4 26. Rh1 Bd7 27. Ng2 Raf8 28. Nxf4 Rxf4 29. Nd1 Nc5 30. Ne3 Be8 31. Ng2 Rf8 32. Ke3 Nd7 33. Rh4 Ndf6 34. f4 Ng8 35. R6xh5 gxh5 36. f5 c6 37. Bxh5 cxd5 38. cxd5 h6 39. f6+ Nxf6 40. gxf6+ 1-0

[Event "Hastings Masters op 85th"]
[Site "Hastings"]
[Date "2009.12.31"]
[Round "4"]
[White "Young, Melvyn Jack"]
[Black "Maduekwe, Chiedu U"]
[Result "0-1"]
[WhiteElo "1971"]
[BlackElo "2182"]
[PlyCount "50"]
[EventDate "2009.12.28"]
[EventType "swiss"]
[EventRounds "9"]
[EventCountry "ENG"]
[SourceTitle "CBM 134 Extra"]
[Source "ChessBase"]
[SourceDate "2010.03.03"]
[SourceVersion "1"]
[SourceVersionDate "2010.03.03"]
[SourceQuality "1"]

1. e4 e5 2. f4 exf4 3. Nf3 d6 4. Bc4 h6 5. h4 Nf6 6. Nc3 Nc6 7. d4 Be7 8. Bxf4 Bg4 9. Qd2 Nh5 10. 0-0-0 Bf6 11. Ne2 Qe7 12. e5 dxe5 13. dxe5 Bxe5 14. Bb5 0-0 15. Bxc6 Nxf4 16. Nxf4 bxc6 17. Rde1 Bxf3 18. gxf3 Qf6 19. Nd3 Bd6 20. Reg1 Rfd8 21. Rg4 Rab8 22. Rhg1 Bf8 23. Rf4 Qe6 24. b3 Rd5 25. Qc3 Qe3+ 0-1

[Event "Hastings Masters op 85th"]
[Site "Hastings"]
[Date "2009.12.30"]
[Round "3"]
[White "Maduekwe, Chiedu U"]
[Black "MacRae, James"]
[Result "1-0"]
[WhiteElo "2182"]
[BlackElo "1752"]
[PlyCount "59"]
[EventDate "2009.12.28"]
[EventType "swiss"]
[EventRounds "9"]
[EventCountry "ENG"]
[SourceTitle "CBM 134 Extra"]
[Source "ChessBase"]
[SourceDate "2010.03.03"]
[SourceVersion "1"]
[SourceVersionDate "2010.03.03"]
[SourceQuality "1"]

1. d4 d5 2. c4 e6 3. Nf3 Nf6 4. g3 Be7 5. Bg2 0-0 6. 0-0 c6 7. Qc2 Ne4 8. Nc3 f5 9. Bf4 Nd7 10. Rad1 Ndf6 11. Ne5 Nxc3 12. bxc3 Nd7 13. cxd5 exd5 14. c4 Nxe5 15. Bxe5 Be6 16. Qb3 Qd7 17. cxd5 Bxd5 18. Bxd5+ cxd5 19. Rb1 b6 20. Rfc1 Rfc8 21. a4 Bd8 22. Qb5 Qe6 23. Kg2 Kf7 24. Qa6 Qd7 25. a5 Bc7 26. Bxc7 Rxc7 27. axb6 Rxc1 28. Rxc1 Kf8 29. b7 Rb8 30. Rc8+ 1-0

[Event "Hastings Masters op 85th"]
[Site "Hastings"]
[Date "2009.12.29"]
[Round "2"]
[White "Jackson, James P"]
[Black "Maduekwe, Chiedu U"]
[Result "1-0"]
[WhiteElo "2067"]
[BlackElo "2182"]
[PlyCount "73"]
[EventDate "2009.12.28"]
[EventType "swiss"]
[EventRounds "9"]
[EventCountry "ENG"]
[SourceTitle "CBM 134 Extra"]
[Source "ChessBase"]
[SourceDate "2010.03.03"]
[SourceVersion "1"]
[SourceVersionDate "2010.03.03"]
[SourceQuality "1"]

1. e4 e6 2. d4 d5 3. e5 c5 4. c3 Nc6 5. Nf3 Bd7 6. a3 f6 7. Bd3 Qc7 8. 0-0 0-0-0 9. Qe2 c4 10. Bc2 h6 11. Nbd2 f5 12. b3 cxb3 13. Nxb3 Na5 14. Nxa5 Qxa5 15. Bd3 Kb8 16. Bd2 Qa4 17. Rfb1 Rc8 18. Rb2 Ka8 19. Ne1 g5 20. Nc2 Be8 21. Rab1 Rc7 22. Nb4 Bxb4 23. Rxb4 Qxa3 24. Qd1 a5 25. Ra1 axb4 26. cxb4 Qxa1 27. Qxa1+ Kb8 28. b5 b6 29. Qa6 Bd7 30. Qxb6+ Rb7 31. Qd8+ Bc8 32. Bb4 Rd7 33. Bd6+ Kb7 34. Qa5 Rxd6 35. exd6 Rh7 36. Qd8 Rg7 37. Qf8 1-0

[Event "London Classic op"]
[Site "London"]
[Date "2009.12.12"]
[Round "6"]
[White "Maduekwe, Chiedu U"]
[Black "Owen, Dennis P"]
[Result "1/2-1/2"]
[WhiteElo "2182"]
[BlackElo "2055"]
[PlyCount "75"]
[EventDate "2009.12.08"]
[EventType "swiss"]
[EventRounds "9"]
[EventCountry "ENG"]
[SourceTitle "CBM 133 Extra"]
[Source "ChessBase"]
[SourceDate "2010.01.05"]
[SourceVersion "1"]
[SourceVersionDate "2010.01.05"]
[SourceQuality "1"]

1. d4 d5 2. c4 e6 3. Nf3 Nf6 4. g3 Be7 5. Bg2 Nbd7 6. 0-0 c6 7. Qc2 0-0 8. Rd1 Ne4 9. Nc3 f5 10. Ne5 Nxe5 11. dxe5 Nxc3 12. Qxc3 Qb6 13. Be3 Qd8 14. b4 Kh8 15. b5 Bd7 16. Rac1 Qe8 17. bxc6 bxc6 18. Qa5 Bd8 19. Qa3 Bb6 20. Bc5 Bxc5 21. Qxc5 Qb8 22. Qe7 Qd8 23. Qd6 Rc8 24. e3 Re8 25. Rb1 Rc7 26. Rdc1 Bc8 27. cxd5 exd5 28. Rxc6 Rd7 29. Qc5 Bb7 30. Rd6 Qe7 31. Qd4 Rc7 32. f4 Rec8 33. h4 Qf7 34. Qxa7 Qh5 35. Rxb7 Rc2 36. Rc7 Rxg2+ 37. Kxg2 Qe2+ 38. Kg1 1/2-1/2

[Event "London Classic op"]
[Site "London"]
[Date "2009.12.11"]
[Round "4"]
[White "Maduekwe, Chiedu U"]
[Black "Arkell, Keith C"]
[Result "0-1"]
[WhiteElo "2182"]
[BlackElo "2464"]
[PlyCount "94"]
[EventDate "2009.12.08"]
[EventType "swiss"]
[EventRounds "9"]
[EventCountry "ENG"]
[SourceTitle "CBM 133 Extra"]
[Source "ChessBase"]
[SourceDate "2010.01.05"]
[SourceVersion "1"]
[SourceVersionDate "2010.01.05"]
[SourceQuality "1"]

1. d4 e6 2. c4 Bb4+ 3. Bd2 a5 4. Nc3 Nf6 5. Nf3 d6 6. g3 Nbd7 7. Bg2 e5 8. 0-0 0-0 9. Rc1 c6 10. Re1 Bxc3 11. Rxc3 Ne4 12. Rd3 Nxd2 13. Nxd2 f5 14. e4 f4 15. Nf3 Qe7 16. c5 dxc5 17. Qb3+ Kh8 18. dxe5 b5 19. Qd1 Nxe5 20. Nxe5 Qxe5 21. gxf4 Qxb2 22. e5 Bf5 23. Bxc6 Bxd3 24. Qxd3 Rxf4 25. Qe2 Qxe2 26. Rxe2 Ra7 27. e6 Re7 28. Bxb5 g6 29. Bd7 Kg7 30. Re5 Rf5 31. Re4 Kf6 32. Ra4 Ke5 33. Kf1 Rf4 34. Rxa5 Kd4 35. Ra8 c4 36. Rc8 c3 37. Ke2 Rf5 38. a4 Rh5 39. Rc6 Rxh2 40. Rd6+ Kc5 41. Rd1 Kb4 42. Rb1+ Kc4 43. Bb5+ Kd4 44. Rd1+ Kc5 45. Bd7 Rh5 46. Ra1 Rd5 47. Kf3 Kb4 0-1

[Event "London Classic op"]
[Site "London"]
[Date "2009.12.10"]
[Round "3"]
[White "Houska, Jovanka"]
[Black "Maduekwe, Chiedu U"]
[Result "1/2-1/2"]
[WhiteElo "2391"]
[BlackElo "2182"]
[PlyCount "67"]
[EventDate "2009.12.08"]
[EventType "swiss"]
[EventRounds "9"]
[EventCountry "ENG"]
[SourceTitle "CBM 133 Extra"]
[Source "ChessBase"]
[SourceDate "2010.01.05"]
[SourceVersion "1"]
[SourceVersionDate "2010.01.05"]
[SourceQuality "1"]

1. d4 d5 2. Nf3 Nf6 3. c4 c6 4. e3 a6 5. Bd3 b5 6. b3 Bg4 7. Nbd2 e6 8. 0-0 Be7 9. Bb2 0-0 10. Qc2 Bh5 11. Ne5 Bg6 12. Nxg6 hxg6 13. e4 bxc4 14. bxc4 dxe4 15. Nxe4 Nbd7 16. Rfd1 Qc7 17. Rab1 c5 18. d5 exd5 19. Nxf6+ Nxf6 20. cxd5 Rfd8 21. Bc4 Ne8 22. Qxg6 fxg6 23. d6+ Kf8 24. dxc7 Nxc7 25. Be5 Nb5 26. Bd5 Ra7 27. Be4 g5 28. Rxd8+ Bxd8 29. Rd1 Bf6 30. Bb8 Re7 31. Bg6 Bd4 32. Rb1 Nc3 33. Bd6 Nxb1 34. Bxb1 1/2-1/2

[Event "LSS WC-2009-T-00004"]
[Site "LSS email"]
[Date "2008.04.15"]
[Round "?"]
[White "Maduekwe, Chiedu U"]
[Black "Petrov, Milen Stoyanov"]
[Result "1-0"]
[WhiteElo "2257"]
[BlackElo "2618"]
[PlyCount "101"]
[EventDate "2008.04.15"]
[EventType "tourn (corr)"]
[EventRounds "10"]
[EventCountry "GER"]
[SourceTitle "Corr 2011"]
[Source "ChessBase"]
[SourceDate "2010.08.31"]
[SourceVersion "1"]
[SourceVersionDate "2010.08.31"]
[SourceQuality "1"]

1. d4 d5 2. c4 c6 3. Nf3 Nf6 4. Nc3 dxc4 5. a4 Bf5 6. Ne5 Nbd7 7. Nxc4 Nb6 8. Ne5 a5 9. Bg5 Nfd5 10. e4 Nxc3 11. bxc3 Bxe4 12. Qb3 Bd5 13. c4 Be4 14. Qe3 Bf5 15. Be2 h6 16. Bh4 g5 17. Bh5 Be6 18. d5 cxd5 19. Rb1 Ra6 20. Qf3 Rh7 21. Bg3 g4 22. Bxg4 Nxc4 23. Rxb7 Nxe5 24. Bxe5 Bxg4 25. Qxg4 Re6 26. Qe2 Rb6 27. Rxb6 Qxb6 28. 0-0 f6 29. Qd3 Rg7 30. Rb1 Qe6 31. Bc3 Kf7 32. Rb8 Rg5 33. h4 Rg8 34. g3 Rg4 35. Qb5 Kg7 36. Bxa5 Rd4 37. Qe8 Qf7 38. Qd7 Rd1+ 39. Kh2 h5 40. Bb4 d4 41. Qc8 Rb1 42. Qd8 Rf1 43. Qxd4 Qb3 44. Kg2 Qb1 45. Qd5 Rg1+ 46. Kh2 Rf1 47. Qg2 Qd3 48. Re8 Kf7 49. Rd8 Qxd8 50. Qxf1 Qd4 51. Qe1 1-0

[Event "IECG WC Cand email"]
[Site "IECG email"]
[Date "2008.04.15"]
[Round "?"]
[White "Maduekwe, Chiedu U"]
[Black "Szabo, Vilmos"]
[Result "1-0"]
[WhiteElo "2258"]
[BlackElo "2401"]
[PlyCount "119"]
[EventDate "2008.02.15"]
[EventType "tourn (corr)"]
[EventRounds "6"]
[SourceTitle "Corr 2011"]
[Source "ChessBase"]
[SourceDate "2010.08.31"]
[SourceVersion "1"]
[SourceVersionDate "2010.08.31"]
[SourceQuality "1"]

1. d4 Nf6 2. c4 e6 3. Nf3 b6 4. g3 Ba6 5. Qc2 Bb4+ 6. Nbd2 Bb7 7. Bg2 Be4 8. Qd1 Bxd2+ 9. Qxd2 0-0 10. 0-0 a5 11. Rd1 Re8 12. Qc3 h6 13. b3 d6 14. Bb2 Nbd7 15. Rac1 Ra6 16. Bf1 Qe7 17. Nd2 Bb7 18. d5 Raa8 19. e4 Nc5 20. Bg2 h5 21. a3 h4 22. Ba1 e5 23. f4 Bc8 24. b4 Na4 25. Qb3 axb4 26. axb4 h3 27. Bf1 Bg4 28. Re1 exf4 29. gxf4 Nh5 30. Bxh3 Qh4 31. Bxg4 Qxg4+ 32. Kh1 Qxf4 33. Re2 Qh6 34. Rg1 b5 35. cxb5 Nb6 36. Bd4 Nd7 37. Reg2 g6 38. Rg5 Ne5 39. Nf3 f6 40. R5g2 Nf4 41. Nxe5 fxe5 42. Be3 Kh7 43. Qc2 Re7 44. Bxf4 exf4 45. e5 Rg7 46. e6 f3 47. Rg4 Qh5 48. Qe4 f2 49. Rf1 Qf5 50. Qxf5 gxf5 51. Rxg7+ Kxg7 52. Rxf2 Kf6 53. Re2 Re8 54. e7 Rxe7 55. Rxe7 Kxe7 56. Kg2 Kf6 57. Kf3 Ke5 58. h4 Kxd5 59. h5 Ke5 60. h6 1-0